000 00800cam a22002291 4500
001 gs 39000134
003 DLC
005 20260227111344.0
008 790615s1939 nbu s000 0 eng
010 _ags 39000134
035 _a(OCoLC)5069601
040 _aDLC
_cTxCM
_dDLC
042 _apremarc
050 0 0 _aQE135
_b.A43 no. 14
100 1 _aCondra, Geo. E.
_q(George Evert),
_d1869-1958.
245 1 0 _aCorrelation of the Amerada Petroleum Company well drilled near Nehawka, Nebraska,
_cby G. E. Condra. February, 1939.
260 _a[Lincoln]
_bPublished by authority of the state of Nebraska,
_c1939.
300 _a16 p.
410 2 0 _aNebraska Geological Survey
_tPaper
_vno. 14
650 0 _aGeology
_zNebraska
_zCass County.
740 0 _aAmerada Petroleum Company well, Correlation of the.
999 _c27539
_d27539